| 000 | 00622nam a2200181Ia 4500 | ||
|---|---|---|---|
| 008 | 151018s9999 xx 000 0 und d | ||
| 082 |
_bRBASDV46822 _a891.433 |
||
| 100 | _aशर्मा उस्मानी | ||
| 245 | _aसन्यासी और चुहा | ||
| 250 | _b1 | ||
| 260 |
_bपेपर लिंक पब्लिकेशन _c2005 |
||
| 300 | _a24 | ||
| 600 | _aशर्मा उस्मानी | ||
| 630 | _aसन्यासी और चुहा | ||
| 700 | _aशर्मा उस्मानी | ||
| 730 | _aसन्यासी और चुहा | ||
| 942 | _cBOOK | ||
| 999 |
_c1045973 _d1045970 |
||